000 00455nam a2200181Ia 4500
005 20240823060029.0
008 240823s9999||||xx |||||||||||||| ||und||
041 _aENGLISH
082 _A333.9170973 M9
100 _aDwivedi S N
245 0 _aCoastal Zone: Management in India
250 _a1st
260 _c1989
_bIndian Association for the Advancement of Sc
500 _aYES
650 _aCoastal Zone
_bMarine
942 _cBK
999 _c230175
_d230175